ბათუმის შოთა რუსთაველის სახელმწიფო უნივერსიტეტის ბიბლიოთეკა

Пособие по проведению анализов почв и составлению агрохимических картограмм (ბიბ.ჩანაწერი № 46354)

000 -LEADER
fixed length control field 00832nam a2200205Ia 4500
001 - CONTROL NUMBER
control field 13190
003 - CONTROL NUMBER IDENTIFIER
control field GE_BSU
008 - FIXED-LENGTH DATA ELEMENTS--GENERAL INFORMATION
fixed length control field 181216s||||||||xx |||||||||||||| ||und||
040 ## - CATALOGING SOURCE
Transcribing agency GE_BSU
080 ## - UNIVERSAL DECIMAL CLASSIFICATION NUMBER
Universal Decimal Classification number 631.4
245 ## - TITLE STATEMENT
Title Пособие по проведению анализов почв и составлению агрохимических картограмм
245 ## - TITLE STATEMENT
Statement of responsibility, etc. Сост. Н.П.Карпинский, К.А. Гаврилов. Ред. Л.А.Бородкина
250 ## - EDITION STATEMENT
Edition statement 2-ое дополн.и перераб.
260 ## - PUBLICATION, DISTRIBUTION, ETC.
Place of publication, distribution, etc. Москва
260 ## - PUBLICATION, DISTRIBUTION, ETC.
Name of publisher, distributor, etc. Россельхозиздат
260 ## - PUBLICATION, DISTRIBUTION, ETC.
Date of publication, distribution, etc. 1969
300 ## - PHYSICAL DESCRIPTION
Extent 328стр.илл.20см.
653 ## - INDEX TERM--UNCONTROLLED
Uncontrolled term Пособие по проведению анализов почв и составлению агрохимических картограмм
942 ## - ADDED ENTRY ELEMENTS (KOHA)
Koha item type წიგნი
ეგზემპლარები
Withdrawn status Lost status Damaged status Not for loan Date acquired Barcode Date last seen Price effective from Koha item type
        2018-12-17 20871 2018-12-17 2018-12-17 წიგნი